Finančné aktíva Slovákov sa z posledných desať rokov strojnásobili

Správy Allianz Global Wealth Report a analýza vývoja bohatstva a dlhov domácností v 50 krajinách. Najrýchlejšie rastúci región - východná Európa. Finančné aktíva Slovákov a tempo rastu aktív po finančnej kríze. Privátne dlhy a zadlženosť domácností vo svete.

Saved in:
Bibliographic Details
Main Author: Hrvolová, Barbora
Format: Book Chapter
Language:Slovak
Subjects:
Tags: Add Tag
No Tags, Be the first to tag this record!

MARC

LEADER 00000naa a2200000 4500
001 0142513
005 20231006124253.4
041 0 |a slo 
044 |a SK 
245 1 0 |a Finančné aktíva Slovákov sa z posledných desať rokov strojnásobili  |c Barbora Hrvolová 
520 |a Správy Allianz Global Wealth Report a analýza vývoja bohatstva a dlhov domácností v 50 krajinách. Najrýchlejšie rastúci región - východná Európa. Finančné aktíva Slovákov a tempo rastu aktív po finančnej kríze. Privátne dlhy a zadlženosť domácností vo svete. 
610 2 0 |a Slovensko 
610 2 0 |a svet 
610 2 0 |a peňažníctvo 
610 2 0 |a aktíva 
610 2 0 |a financie osobné 
610 2 0 |a účty rodinné 
610 2 0 |a bohatstvo 
610 2 0 |a úspory 
610 2 0 |a dlhy 
610 2 0 |a domácnosti 
100 1 |a Hrvolová, Barbora